Cataluña en la Exposición Universal de Viena en 1873 (Record no. 53496)

MARC details
000 -LEADER
campo de control de longitud fija 00633nam a22001695i 4500
001 - NÚMERO DE CONTROL
campo de control 53496
003 - IDENTIFICADOR DE NÚMERO DE CONTROL
campo de control ES-MaACL
005 - FECHA Y HORA DE LA ÚLTIMA TRANSACCIÓN
campo de control 20230906162758.0
007 - CAMPO FIJO DE DESCRIPCIÓN FÍSICA--INFORMACIÓN GENERAL
campo de control de longitud fija t|
008 - DATOS DE LONGITUD FIJA--INFORMACIÓN GENERAL
campo de control de longitud fija 951002s1873 sp ||||1| spa d
040 ## - FUENTE DE CATALOGACIÓN
Centro catalogador/agencia de origen CAM
Lengua de catalogación spa
Centro/agencia transcriptor CAM
111 2# - ENTRADA PRINCIPAL--NOMBRE DE CONGRESO/REUNIÓN
Nombre de congreso/reunión o jurisdicción como elemento de entrada Exposición Universal (
Fecha del congreso o de la firma del tratado 1873.
Sede del congreso/Lugar de la reunión Viena)
9 (RLIN) 138874
245 10 - MENCIÓN DEL TÍTULO
Título Cataluña en la Exposición Universal de Viena en 1873
Resto del título : Catálogo detallado de los productos que los expositores han remitido a dicha exposición y de los premios que han obtenido.
260 ## - PUBLICACIÓN, DISTRIBUCIÓN, ETC.
Lugar de publicación, distribución, etc. Barcelona :
Nombre del editor, distribuidor, etc. [s.n.],
Fecha de publicación, distribución, etc. 1873 (
Fabricante imprenta de Leopoldo Domenech)
300 ## - DESCRIPCIÓN FÍSICA
Extensión 120 p. ;
Dimensiones 18 cm.
852 ## - LOCALIZACIÓN
Ubicación ES-MaACL
Número de control de estantería G-1901
Holdings
Estatus retirado Estado de pérdida Estado de daño No para préstamo Colección Biblioteca de origen Biblioteca actual Ubicación en estantería Fecha de adquisición Fuente de adquisición Total de préstamos Signatura topográfica completa Código de barras Visto por última vez Precio de reemplazo Tipo de ítem Koha
        Libros del s. XIX Biblioteca del Ateneo de Madrid Biblioteca del Ateneo de Madrid Depósito 2 17/01/2008     G-1901 1056212 23/02/2023 23/02/2023 Libro impreso antiguo